000 00996 a2200277 4500
999 _c10881
_d10881
020 _a9781789738025
050 _aHC79.E5
_bNHA 2020
100 _aNhamo, Godwell et.al.
_eauthor
245 _a SDG7 - ensure access to affordable, reliable, sustainable, and modern energy/
_cGodwell Nhamo
250 _afirst edition
264 _aEmerald Publishing,
_b Bingley,
_c2020
300 _axi; 275 pages:
336 _2rda content
_atext
_btxt
337 _2rda media
_aunmediated
_bn
338 _2rda carrier
_avolume
_bnc
440 _aConcise guides to the United Nations Sustainable Development Goals
504 _aIncudes index and bibliographic references
650 _aAlternative & renewable energy industries
650 _aEnergy security
650 _aRenewable energy sources
700 _aCharles Nhemachena
_eauthor
700 _aSenia Nhamo
_eauthor
700 _aVuyo Mjimba
_eauthor
700 _a
_eauthor
942 _2lcc
_cBK
_efirst edition
_h79.E5
_iNHA
_kHC